Conciencia y sociedad: la reorientación del pensamiento social europeo: 1890-1930
Wedi'i Gadw mewn:
| Prif Awdur: | |
|---|---|
| Fformat: | Llyfr |
| Iaith: | Sbaeneg |
| Cyhoeddwyd: |
Madrid
Aguilar
1972
|
| Pynciau: | |
| Tagiau: |
Ychwanegu Tag
Dim Tagiau, Byddwch y cyntaf i dagio'r cofnod hwn!
|
MARC
| LEADER | 00000nam a2200000 a 4500 | ||
|---|---|---|---|
| 001 | UCX1192 | ||
| 003 | CL-VaPUC | ||
| 008 | 900618e19720000SP |||||||||||||||||spa|d | ||
| 082 | 0 | 4 | |a 301.01 |b HUG |2 21 |
| 100 | |a Hughes, Henry Stuart |e author |9 319598 | ||
| 245 | 1 | 0 | |a Conciencia y sociedad: la reorientación del pensamiento social europeo: 1890-1930 |
| 300 | |a 334 p | ||
| 942 | |c BK | ||
| 945 | |d 19900618 00:00:00 | ||
| 260 | |a Madrid |b Aguilar |c 1972 | ||
| 650 | 0 | |a Filosofía de las ciencias sociales |9 268057 | |
| 650 | 0 | |a Intelectuales |9 262027 | |
| 650 | 0 | |a Vida intelectual |9 265379 | |
| 651 | 0 | |a Europa |9 255156 | |
| 583 | |a last modification |c 20121001 09:48:30 |k Rodrigo Vera | ||
| 999 | |c 222485 |d 222483 | ||
| 952 | |0 0 |1 0 |4 0 |6 301_010000000000000_HUG_1972 |7 0 |8 A |9 217254 |a BIBHIS |b BIBHIS |d 2019-11-15 |i 1338471 |o 301.01 HUG 1972 |p 1338471 |r 2025-01-20 |w 2019-11-15 |y BK |k HIS | ||